| 000 | 00846nam a2200217 i 4500 | ||
|---|---|---|---|
| 001 | 156847 | ||
| 003 | ES-MaACL | ||
| 005 | 20230906210519.0 | ||
| 008 | 040729q18501852fr a |||| | fre d | ||
| 040 |
_aCAM _bspa _cCAM |
||
| 100 | 1 |
_aLacroix, Paul ( _d1806-1884) _969408 |
|
| 245 | 1 | 4 |
_aOeuvres illustrées du bibliophile P. L. Jacob. _pLes aventures du grand Balzac, 1635 / _cillustrés par Édouard Frère. |
| 260 |
_aParis : _b[s.n., _c185?] ( _fImp. deGerdès) |
||
| 300 |
_a48 p. : _bil. ; _c30 cm. |
||
| 500 | _aDatos tomados de la primera página. | ||
| 594 | _aBibliophile Jacob es seud. de Paul Lacroix. | ||
| 596 | _aImpreso ca. en la segunda mitad del S. XIX. | ||
| 597 | _aTexto a dos col. | ||
| 700 | 1 |
_aFrère, Édouard. _9127159 |
|
| 852 |
_aES-MaACL _jR-1705(1) _z-- Enc. hol. en un vol. facticio _q.- Ejemplar sin portada |
||
| 999 |
_c156847 _d156847 |
||